000 00286nam a22001337a 4500
008 170503b xxu||||| |||| 00| 0 eng d
020 _a9781583605332
041 _aeng
080 _a34
100 _a13
101 _aSHJ
245 _aIMAGINING JUSTICE
_cCRANK.J.P
942 _2udc
_cBK
999 _c12580
_d12580